000 00406pab a2200157 454500
008 180718b1985 xxu||||| |||| 00| 0 eng d
100 _aMinogue, Martin
245 _aContracting out authority services in Britain
260 _c1985
300 _a82-90
362 _aSpring
650 _aMunicipal Services - U.K
700 _aJeremy O' Grady
773 _aPlanning and Administration
909 _a13979
999 _c13979
_d13979